000 01396cad a22002295a 4500
001 L148007
008 090713s2009 xxkabo f 000 0 eng d
035 _a(Sirsi) u148007
041 0 _aeng
050 0 4 _a386.1 $2 18
110 2 _aTown and Country Planning Association
_93022
245 0 0 _aPolicy advice note
_binland waterways, unlocking the potential and securing the future of inland waterways through the planning system
_h[electronic resource]
260 _aLondon
_bTCPA
_c2009
505 2 _aPreface -- Introduction -- The unique characteristics of inland waterways -- The value of inland waterways -- Key planning policy challenges to unlocking the potential and benefits of inland waterways -- How the planning system can support inland waterways -- Planning tools and mechanisms -- Conclusion and recommendations -- Appendices
520 _aAims to provide planning policy frameworks to support the sustainability of the inland waterway network and adjoining communities. Promotes the economic, social and environmental benefits inland waterways can bring.
521 _aAdvanced
590 _aKA
651 4 _aEngland and Wales
_y1543-
690 _aPROPERTY-INFRASTRUCTURE-WATER TRANSPORT AND PROTECTION INFRASTRUCTURE
856 4 0 _uhttps://www.tcpa.org.uk/resources.php?action=resource&id=578
_zView the policy advice note free of charge at www.tcpa.org.uk...
942 _n0
999 _c109838
_d109838